000
00485nam a2200169Ia 4500
008
090711s9999 xx 000 0 und d
082
_b
74491
100
_a
Sाव्हाण रामनाथ
245
_a
निळी पहाट
260
_c
1993
300
_a
116
600
_a
Sाव्हाण रामनाथ
630
_a
निळी पहाट
700
_a
Sाव्हाण रामनाथ
730
_a
निळी पहाट
942
_c
BOOK
999
_c
293125
_d
293125